000
002530000a22000970004500
100
1
_a
Spahr, Jean
245
1
0
_a
To Dominga with love
300
_a
Vol. 77, Num 3 (Julio-Septiembre, 1997), Páginas 16-17
773
0
_t
Latin America Evangelist
942
_c
ANA
999
_c
55090
_d
55090